Wonders of the desert world / (Record no. 1420)

MARC details
000 -LEADER
fixed length control field 00953nam a2200301 i 4500
005 - DATE AND TIME OF LATEST TRANSACTION
control field 20260322212059.0
008 - FIXED-LENGTH DATA ELEMENTS--GENERAL INFORMATION
fixed length control field data
010 ## - LIBRARY OF CONGRESS CONTROL NUMBER
LC control number 76002221
020 ## - INTERNATIONAL STANDARD BOOK NUMBER
International Standard Book Number 0870441973
020 ## - INTERNATIONAL STANDARD BOOK NUMBER
International Standard Book Number 9780870441974
040 ## - CATALOGING SOURCE
Original cataloging agency DLC
Transcribing agency DLC
Modifying agency DLC
042 ## - AUTHENTICATION CODE
Authentication code lcac
050 00 - LIBRARY OF CONGRESS CALL NUMBER
Classification number QH88
Item number .R55
082 00 - DEWEY DECIMAL CLASSIFICATION NUMBER
Classification number 574.909/5/4
092 ## - LOCALLY ASSIGNED DEWEY CALL NUMBER (OCLC)
Classification number 574.9 R55 1976
001 - CONTROL NUMBER
control field data
100 1# - MAIN ENTRY--PERSONAL NAME
Personal name Rinard, Judith E.
245 10 - TITLE STATEMENT
Title Wonders of the desert world /
Statement of responsibility, etc. Judith E. Rinard.
260 ## - PUBLICATION, DISTRIBUTION, ETC.
Place of publication, distribution, etc. [Washington] :
Name of publisher, distributor, etc. National Geographic Society,
Date of publication, distribution, etc. c1976.
300 ## - PHYSICAL DESCRIPTION
Extent 30 p. :
Other physical details col. ill. ;
Dimensions 29 cm.
440 #0 - SERIES STATEMENT/ADDED ENTRY--TITLE
Title Books for young explorers
520 ## - SUMMARY, ETC.
Summary, etc. Text and photographs discuss desert plants and animals such as the gila monster and caterpillar cactus.
650 #0 - SUBJECT ADDED ENTRY--TOPICAL TERM
Topical term or geographic name entry element Desert biology
General subdivision Juvenile literature.
650 #1 - SUBJECT ADDED ENTRY--TOPICAL TERM
Topical term or geographic name entry element Desert plants.
650 #1 - SUBJECT ADDED ENTRY--TOPICAL TERM
Topical term or geographic name entry element Desert animals.
906 ## - LOCAL DATA ELEMENT F, LDF (RLIN)
a 7
b cbc
c orignew
d 2
e ocip
f 19
g y-gencatlg
991 ## -
-- c-GenColl
-- QH88
-- .R55
-- 00050202823
-- Copy 1
-- BOOKS
Holdings
Withdrawn status Lost status Damaged status Not for loan Home library Current library Shelving location Date acquired Total checkouts Full call number Barcode Date last seen Price effective from Koha item type
        Riverside Riverside General stacks 22/03/2026   574.909/5/4 BC0011467 22/03/2026 22/03/2026 Books